000 00533nam a2200205Ia 4500
003 OSt
005 20230403100839.0
008 210423s2008 xx 000 0 und d
020 _a33393069
040 _cAL
041 _aeng
082 _a658.15
_223
_b JAIP
100 _aJAIN (P K);others.
_982181
245 _aInternational financial management.
260 _aNew Delhi
_bOxford University Press
_c2008
300 _axii,334
365 _b245
_cINR
906 _afinancial ; International ; management.
942 _2ddc
_cBK
999 _c156809
_d156809